Alle Städte der VG Rüdesheim - Statistiken

Allgemein
  • Dieses Quiz wurde 9 mal gespielt
  • Das Durchschnittsergebnis liegt bei 10 aus 32
Antwortstatistiken
Anfangsbuchstabe Gemeinde/Stadt/Dorf % Korrekt
R Rüdesheim (Nahe)
83%
B Boos
50%
B Burgsponheim
50%
N Niederhausen
50%
N Norheim
50%
O Oberhausen an der Nahe
50%
S Schloßböckelheim
50%
S Spal
50%
T Traisen
50%
W Waldböckelheim
50%
D Duchroth
33%
G Gutenberg
33%
H Hergenfeld
33%
H Hüffelsheim
33%
R Roxheim
33%
S Sankt Katharinen
33%
S Spabrücken
33%
S Sponheim
33%
W Wallhausen
33%
A Allenfeld
17%
B Bockenau
17%
B Braunweiler
17%
D Dalberg
17%
G Gebroth
17%
H Hargesheim
17%
M Mandel
17%
M Münchwald
17%
O Oberstreit
17%
S Sommerloch
17%
W Weinsheim
17%
W Winterbach
17%
A Argenschwang
0%
Keine übereinstimmenden Quizze gefunden
Verteilung der Resultate
Anzahl Personen mit jedem Resultat
Perzentil nach korrekt beantworteten Fragen
Ihre Resultats-Entwicklung
Sie haben dieses Quiz noch nicht gespielt